Merseyside (Record no. 80152)

MARC details
000 -LEADER
fixed length control field 00894cab a22002055a 4500
001 - CONTROL NUMBER
control field L143360
008 - FIXED-LENGTH DATA ELEMENTS--GENERAL INFORMATION
fixed length control field 080429e20080425xxk f 000 0 eng d
035 ## - SYSTEM CONTROL NUMBER
System control number (Sirsi) u143360
041 0# - LANGUAGE CODE
Language code of text/sound track or separate title eng
100 1# - MAIN ENTRY--PERSONAL NAME
Personal name Unger, Paul
245 00 - TITLE STATEMENT
Title Merseyside
Remainder of title Regional
260 ## - PUBLICATION, DISTRIBUTION, ETC.
Date of publication, distribution, etc. 2008
490 ## - SERIES STATEMENT
Series statement Property Week
Volume/sequential designation 73(17) 25 April 2008, 135-150(10)
520 ## - SUMMARY, ETC.
Summary, etc. Reports that CBRE has gained an advisory role in the Wirral Waters regeneration scheme. Describes a trend in the commercial market for occupiers to take cheaper, refurbished office space. This is having a negative impact on speculative developments. Covers a planned waterfront regeneration scheme in Southport. Also looks at mixed-use properties and other development activity in St Helens.
590 ## - LOCAL NOTE (RLIN)
Local note KA
651 #4 - SUBJECT ADDED ENTRY--GEOGRAPHIC NAME
Geographic name North West (England)
Chronological subdivision 1994-
690 ## - LOCAL SUBJECT ADDED ENTRY--TOPICAL TERM (OCLC, RLIN)
Topical term or geographic name as entry element PROPERTY-PROPERTY MARKET
700 1# - ADDED ENTRY--PERSONAL NAME
Personal name Hipwell, Deirdre
942 ## - ADDED ENTRY ELEMENTS (KOHA)
Suppress in OPAC 0
Holdings
Withdrawn status Lost status Source of classification or shelving scheme Damaged status Not for loan Home library Current library Shelving location Date acquired Total Checkouts Full call number Barcode Date last seen Copy number Price effective from Koha item type
    Dewey Decimal Classification     London London Journal article 29/04/2008   L143360 143360-1001 06/08/2019 1 06/08/2019 Journal article